000 00962nas a2200325 4500
001 BR0903047
003 BR-BrBNA
005 20231205113405.0
007 ta
008 230509b bl.|||p| |||| 00| 00por d
040 _aBR-BrBNA
_bpor
_cBiblioteca Nacional de Agricultura
041 _a(Pt)
072 _aQ02
100 1 _aOliveira, M.N. de
100 1 _aLima, C.L.C. de
100 1 _aSantiago, A.D.
245 1 _aAplicação de biofilme para o controle da injúria provocada pelo látex em manga Tommy Atkins
650 _aMANGA
650 _aREVESTIMENTO
650 _aFECULA
650 _aMANDIOCA
650 _aPRE-COLHEITA
650 _aBIOFILME
650 _aARMAZENAMENTO
650 _aREFRIGERAÇÃO
773 0 _tMagistra (Brazil)
_xISSN 0102-5333
_g(Oct-Dec 2008), v. 20(4) p. 338-341
_wBR0903047
856 4 0 _uhttp://www.aprh.pt/rgci/pdf/rgci-155_Borges.pdf
909 _a202311
_bLúcia
_c55
_dLúcia Elande
942 _2AGRIS
_n0
_cANA
999 _c203524
_d203524